• 首页
  • 本馆介绍
  • 公告通知
  • 最新文献
  • 馆藏检索
  • 电子资源
  • 读者导购
  • 参考咨询
  • 我的图书馆
  • 登录
  • 详细信息显示
  • 放入我的书架
  • 预约/预借图书
  • 作者相关作品
  • 分类相关作品
  • 丛书相关作品
  • 出版社相关作品

书目信息

  • 表格格式
  • 工作单格式
  • 卡片格式
书名: ships
作者: Edward V. Lewis.
分册号:
分册名:
出版地: NEW YORK :
 
出版社: time-life books
出版时间: 1968.
页数: 200 p. ;
开本: 26cm.
丛书名:
中图分类号:
科图分类号:
其他分类号: U664
主题词:
电子资源:
000 00331nam 2200133 a 4500
001 E0735328812
005 20070513095726.51
008 070513s1968 00010 eng
040    @aPFT@beng
090    @aU664
099    @dU664@ex3
245 1  @aships / @cEdward V. Lewis.
260    @aNEW YORK :@btime-life books,@c1968.
300    @a200 p. ;@c26cm.
    
    ships / / Edward V. Lewis.-NEW YORK : : time-life books, , 1968.
    200 p. ; ; 26cm.
    
    
    ISBN
    
●
相关链接 在E读中查询图书 在五车中查询图书 在当当中查询图书 在豆瓣中查询图书


正题名:ships     索取号:U664/x3         预约/预借

序号 登录号 条形码 馆藏地/架位号 状态 备注
1 0008497   300084977   第二样本阅览室/ [索取号:U664/x3] 在馆    
唐山师范学院图书馆 欢迎您!
大连网信软件有限公司© 版权所有